[Event "Krakow Malopolski-chB"]
[Site "Krakow"]
[Date "2015.05.02"]
[Round "8.4"]
[White "Stanuch, Marcin"]
[Black "Owadowicz, Piotr"]
[Result "1-0"]
[WhiteElo "1648"]
[BlackElo "1842"]
[PlyCount "89"]
[EventDate "2015.04.26"]
[EventType "swiss"]
[EventRounds "9"]
[EventCountry "POL"]
[SourceTitle "EXT 2023"]
[Source "ChessBase"]
[SourceDate "2022.10.05"]
[SourceVersion "1"]
[SourceVersionDate "2022.10.05"]
[SourceQuality "1"]

1. e4 e6 2. d4 d5 3. e5 c5 4. c3 Nc6 5. Nf3 Qb6 6. a3 cxd4 7. cxd4 f6 8. Nc3 fxe5 9. dxe5 a6 10. Bd3 Nge7 11. b4 Bd7 12. 0-0 g6 13. Re1 Bg7 14. Qe2 0-0 15. Na4 Qc7 16. Nc5 Rae8 17. Bb2 Nf5 18. Rac1 Bh6 19. Rb1 Bc8 20. Bc1 Bg7 21. Nb3 Qe7 22. Bg5 Qc7 23. Rbc1 h6 24. Bd2 Qe7 25. Bxa6 Rf7 26. Bb5 Bd7 27. Bxc6 bxc6 28. Nbd4 Ref8 29. Rf1 g5 30. h3 g4 31. hxg4 Nh4 32. Nxh4 Qxh4 33. f4 c5 34. bxc5 Ra8 35. Bb4 Bc8 36. Qf3 Bxe5 37. Ne2 Ba6 38. Be1 Qe7 39. g3 Bc4 40. Rxc4 Rc8 41. Rc1 Qa7 42. Bf2 Qa4 43. Qd3 Bg7 44. Bd4 Bxd4+ 45. Nxd4 1-0